| 000 | 00680nam a2200205 i 4500 | ||
|---|---|---|---|
| 001 | 55487 | ||
| 003 | ES-MaACL | ||
| 005 | 20230906163145.0 | ||
| 007 | t| | ||
| 008 | 030922s1978 sp ||||1| spa d | ||
| 100 | 1 |
_aDerruau, Max. _943800 |
|
| 245 | 1 | 0 |
_aGeomorfología / _cpor Max Derruau ; prólogo de Luis Solé Sabarís ; [versión de Luis Solé Sugranyes ; puesta al día de Jaime Calvet]. |
| 250 | _a2ª ed. ref. | ||
| 260 |
_aBarcelona : _bAriel, _c[1978] |
||
| 300 |
_a528 p., 62 p. : _bil. ; _c23 cm. |
||
| 700 | 0 |
_aSolé Sabarís, L. _9107131 |
|
| 700 | 1 |
_aSolé Sugranyes, Lluis. _9107135 |
|
| 700 | 1 |
_aCalvet, Jaime. _933811 |
|
| 852 |
_aES-MaACL _jA-7942 _bR.96969 |
||
| 999 |
_c55487 _d55487 |
||